• 首页
  • 本馆介绍
  • 公告通知
  • 最新文献
  • 馆藏检索
  • 电子资源
  • 读者导购
  • 参考咨询
  • 我的图书馆
  • 登录
  • 详细信息显示
  • 放入我的书架
  • 预约/预借图书
  • 作者相关作品
  • 分类相关作品
  • 丛书相关作品
  • 出版社相关作品

书目信息

  • 表格格式
  • 工作单格式
  • 卡片格式
题名:
Visual FoxPro实验与测试
    
 
作者: 卢雪松 主编
分册:  
出版信息: 南京   东南大学出版社  2012
页数: 366页
开本: 26cm
丛书名: 高校非计算机专业计算机基础教育改革型教材
单 册:
中图分类: TP311.138 , TP311.13
科图分类:
主题词: 关系数据库--数据库管理系统--程序设计--高等学校--教学参考资料
电子资源:
ISBN: 978-7-5641-3840-0
000 01079nam 2200277 450
001 2331109699
005 20231203105839.41
010    @a978-7-5641-3840-0@dCNY36.80
100    @a20121017d2012 em y0chiy50 ea
101 0  @achi
102    @aCN@b320000
105    @aak a 000yy
200 1  @aVisual FoxPro实验与测试@AVisual FoxProshi yan yu ce shi@f卢雪松主编
205    @a第4版
210    @a南京@c东南大学出版社@d2012
215    @a366页@c图@d26cm
225 2  @a高校非计算机专业计算机基础教育改革型教材@Agao xiao fei ji suan ji zhuan ye ji suan ji ji chu jiao yu gai ge xing jiao cai
320    @a有书目
330    @a本书实验篇共含有24个实验项目, 按实验类型分为基础与验证型、设计与开发型和研究与创新型等三大类型。实验项目分为计划内、计划外必做和计划外选做等三种类型。
410  0 @12001 @a高校非计算机专业计算机基础教育改革型教材
606 0  @a关系数据库@x数据库管理系统@x程序设计@x高等学校@j教学参考资料
690    @aTP311.138@v5
690    @aTP311.13@v4
701  0 @a卢雪松@Alu xue song@4主编
801  0 @aCN@b湖北三新@c20121127
905    @aZUCC@dTP311.13@e146=4
    
    Visual FoxPro实验与测试/卢雪松主编.-第4版.-南京:东南大学出版社,2012
    366页:图;26cm.-(高校非计算机专业计算机基础教育改革型教材)
    
    
    ISBN 978-7-5641-3840-0:CNY36.80
    本书实验篇共含有24个实验项目, 按实验类型分为基础与验证型、设计与开发型和研究与创新型等三大类型。实验项目分为计划内、计划外必做和计划外选做等三种类型。
●
相关链接 在五车中查询图书 在当当中查询图书 在豆瓣中查询图书


正题名:Visual FoxPro实验与测试     索取号:TP311.13/146=4         预约/预借

序号 登录号 条形码 馆藏地/架位号 状态 备注
1 2001290268   2001290268   320书库/ [索取号:TP311.13/146=4] 在馆    
2 2001290269   2001290269   320书库/ [索取号:TP311.13/146=4] 在馆    
3 2001290270   2001290270   320书库/ [索取号:TP311.13/146=4] 在馆    
4 2001290271   2001290271   320书库/ [索取号:TP311.13/146=4] 在馆    
5 2001290272   2001290272   320书库/ [索取号:TP311.13/146=4] 在馆    
山东省滨州职业学院图书馆 欢迎您!
大连网信软件有限公司© 版权所有